Obálka Náhled e-knihy:
Epub
Pro půjčování e-knih musíte být přihlášeni.
Jak si půjčit online?

The House in the Mist /

"Enter, sir; you are the first to arrive..." When young traveller Hugh Austen, hungry and weather-beaten, seeks refuge in a lonely mansion, he finds himself entwined in the gruesome business of an appalling family. Mistaken for a relative himself, he soon learns that the will of a dead man...

Celý popis

Uloženo v:
Hlavní autor: Green, Anna Katharine (Autor)
Médium: E-kniha
Jazyk:Czech
Vydáno: Praha : Saga Egmont, 2020
Tagy:
Žádné tagy
LEADER 01555nam a22002297i 4500
001 301552
007 ta
008 260501s2020 xr ||||| |||| 00| 0 cze d
020 |a 9990003825469 
044 |a xr 
100 1 |a  Green, Anna Katharine  |4 aut 
245 1 0 |a The House in the Mist /  |c  Green, Anna Katharine 
264 1 |a Praha :  |b Saga Egmont,  |c 2020 
300 |a 1 online zdroj (70 stran) 
336 |a text  |b txt  |2 rdacontent 
337 |a bez média  |b n  |2 rdamedia 
338 |a online zdroj  |b cr  |2 rdacarrier 
520 2 |a "Enter, sir; you are the first to arrive..." When young traveller Hugh Austen, hungry and weather-beaten, seeks refuge in a lonely mansion, he finds himself entwined in the gruesome business of an appalling family. Mistaken for a relative himself, he soon learns that the will of a dead man is about the be read, an inheritance about to be divided. But only between the family members who are present at the appointed hour. With 'The House in the Mist' (1905), detective writer Anna Katharine Green departs from the genre that made her famous and tells a surprising and deliciously horrific story full of twists and revenge, which is bound to satisfy.- 
910 |a RBIT002 
998 |d 382546  |a https://core.palmknihy.cz/api/books/382546/cover?teb7wm  |b https://core.palmknihy.cz/api/books/382546/cover/400?teb7wm  |c https://core.palmknihy.cz/api/books/382546/cover/50?teb7wm  |e   |g 70  |i 9990003825469  |j https://core.palmknihy.cz/api/books/382546/preview.epub  |l   |q 49  |r 1  |s https://www.palmknihy.cz/kniha/382546  |t ebook  |y 2020  |z 1 
999 |d 301550